000 00798nam a22002657a 4500
001 BR7404803
003 BR-BrBNA
005 20230928084605.0
007 ta
008 230509b bl.||||| |||| 00| 0 por d
040 _aBR-BrBNA
_bpor
_cBiblioteca Nacional de Agricultura
041 _a(Por)
072 _aE15
_b/G514
090 _ E15 BR7404803
110 1 _aAssociacao de Credito e Assistencia Rural do Estado do Para, Belem (Brasil)
_9493
245 1 _aRelatorio financeiro 1973 [Associacao de Credito e Assistencia Rural do Estado do Para; Orcamento; Brasil]
260 3 _aBelem, PA (Brasil):
_c1974.
300 _a39 p.
650 _aMicroeconomia
650 _aOrcamento
650 _aDespesa
650 _aExtensao rural
909 _a202309
_bLucia
_c55
_dLucia Elande
942 _cBK
999 _c19950
_d19950